| 000 | 01066cam a22003491i 4500 | ||
|---|---|---|---|
| 001 | 142424 | ||
| 003 | OSt | ||
| 005 | 20170105101210.0 | ||
| 008 | 830302s1941 nyu b 001 0 eng | ||
| 010 | _a 41002598 | ||
| 035 | _a(OCoLC)6580141 | ||
| 035 | _a(OCoLC)ocm06580141 | ||
| 035 | _a(CStRLIN)NYCG83-B16045 | ||
| 035 | _a(NNC)142424 | ||
| 040 |
_dNNC-M _cNNC-M |
||
| 050 | 0 |
_aRC341 _b.M37 |
|
| 082 | 0 | _a132 | |
| 100 | 1 |
_aMaslow, Abraham H. _q(Abraham Harold) |
|
| 245 | 1 | 0 |
_aPrinciples of abnormal psychology : _bthe dynamics of psychic illness / _cA.H. Maslow and Béla Mittelmann. |
| 260 |
_aNew York ; _aLondon : _bHarper & Brothers, _cc1941. |
||
| 300 |
_ax, 665 p. ; _c22 cm. |
||
| 500 | _a"Under the editorship of Gardner Murphy." | ||
| 500 | _a"First edition." | ||
| 500 | _aIncludes index. | ||
| 504 | _aBibliography: p. 547-595. | ||
| 650 | 0 | _aPsychology, Pathological. | |
| 650 | 2 | _aPsychopathology. | |
| 700 | 1 |
_aMittelmann, Béla, _d1899-1959. |
|
| 700 | 1 |
_aMurphy, Gardner, _d1895-1979. |
|
| 942 |
_2ddc _cBK |
||
| 999 |
_c3176 _d3176 |
||